| 000 | 00753nam a2200229 i 4500 | ||
|---|---|---|---|
| 001 | 109252 | ||
| 003 | ES-MaACL | ||
| 005 | 20250828061922.0 | ||
| 007 | t| | ||
| 008 | 061121s1968 sp r ||||1| spa d | ||
| 100 | 1 |
_aMüller-Eckhard, Hans. _984044 |
|
| 245 | 1 | 0 |
_aEducación sexual _b: fundamentos / _cHans Mueller-Eckhard ; traducción de Luciano Bellido, Santiago Solano. |
| 260 |
_aSalamanca : _bSígueme, _c1968. |
||
| 300 |
_a260 p. ; _c22 cm. |
||
| 490 | 1 |
_aColección "Psyche" ; _vA-6 |
|
| 650 | 7 |
_aEducación sexual _2embne _912121 |
|
| 700 | 1 |
_aBellido, Luciano. _927213 |
|
| 700 | 1 |
_aSolano, Santiago. _9107080 |
|
| 830 | 0 |
_aColección "Psyche" ; _vA-6 _9232971 |
|
| 852 |
_aES-MaACL _jC-47285 _bR.65451 |
||
| 999 |
_c109252 _d109252 |
||